[Event "Manny Pacquiao op"]
[Site "General Santos City"]
[Date "2022.12.14"]
[Round "3"]
[White "Nolte, Rolando"]
[Black "Cantonjos, Allan"]
[Result "1-0"]
[WhiteElo "2387"]
[BlackElo "2206"]
[PlyCount "47"]
[EventDate "2022.12.13"]
[EventType "swiss"]
[EventRounds "9"]
[EventCountry "PHI"]
[SourceTitle "EXT 2024"]
[Source "ChessBase"]
[SourceDate "2023.10.10"]
[SourceVersion "1"]
[SourceVersionDate "2023.10.10"]
[SourceQuality "1"]

1. e4 c5 2. Nf3 e6 3. Nc3 a6 4. d4 cxd4 5. Nxd4 Qc7 6. Bd3 b5 7. 0-0 Nf6 8. Qe2 d6 9. f4 Nbd7 10. Kh1 Bb7 11. Bd2 Be7 12. b4 h5 13. a4 bxa4 14. Rxa4 Nb6 15. Raa1 0-0 16. h3 g6 17. f5 e5 18. Nb3 h4 19. Na5 Bc8 20. Qe1 d5 21. exd5 Nh5 22. Ne2 g5 23. Be4 Qd6 24. c4 1-0

[Event "Manila Pichay Cup 4th"]
[Site "Manila"]
[Date "2008.09.16"]
[Round "4"]
[White "Nguyen, Van Huy"]
[Black "Cantonjos, Allan"]
[Result "1-0"]
[WhiteElo "2386"]
[BlackElo "2205"]
[PlyCount "51"]
[EventDate "2008.09.14"]
[EventType "swiss"]
[EventRounds "9"]
[EventCountry "PHI"]
[SourceTitle "CBM 126 Extra"]
[Source "ChessBase"]
[SourceDate "2008.11.05"]
[SourceVersion "1"]
[SourceVersionDate "2008.11.05"]
[SourceQuality "1"]

1. e4 d6 2. d4 Nf6 3. Nc3 c6 4. f4 Qa5 5. Bd3 e5 6. Nf3 Nbd7 7. Qe2 Be7 8. Bd2 Qc7 9. 0-0-0 0-0 10. g4 Kh8 11. g5 Ng8 12. h4 b5 13. h5 b4 14. Nb1 c5 15. Nh4 exf4 16. Bxf4 h6 17. Rdg1 cxd4 18. gxh6 Nxh6 19. Bxh6 gxh6 20. Qd2 Bg5 21. Rxg5 hxg5 22. Qxg5 Ne5 23. Qh6+ Kg8 24. Rg1+ Bg4 25. Qg5+ Kh7 26. Nf5 1-0

[Event "Manila Pichay Cup 4th"]
[Site "Manila"]
[Date "2008.09.14"]
[Round "1"]
[White "Cantonjos, Allan"]
[Black "Xiu, Deshun"]
[Result "0-1"]
[WhiteElo "2205"]
[BlackElo "2410"]
[PlyCount "96"]
[EventDate "2008.09.14"]
[EventType "swiss"]
[EventRounds "9"]
[EventCountry "PHI"]
[SourceTitle "CBM 126 Extra"]
[Source "ChessBase"]
[SourceDate "2008.11.05"]
[SourceVersion "1"]
[SourceVersionDate "2008.11.05"]
[SourceQuality "1"]

1. d4 d5 2. Nf3 Nf6 3. e3 g6 4. b3 Bg7 5. Bb2 0-0 6. Be2 c5 7. 0-0 Ne4 8. Nbd2 cxd4 9. Nxe4 d3 10. Nc3 dxe2 11. Qxe2 Qa5 12. Na4 Bd7 13. Bxg7 Kxg7 14. Nb2 Qc3 15. Nd3 Rc8 16. Rfd1 e6 17. Nde5 Qxc2 18. Qxc2 Rxc2 19. Rdc1 Rxc1+ 20. Rxc1 Bc6 21. Nd4 a5 22. g4 Ra6 23. g5 Kf8 24. a3 Ke7 25. f4 f6 26. gxf6+ Kxf6 27. h4 Ke7 28. Kf2 Bd7 29. h5 gxh5 30. Rg1 Kf8 31. Kg3 Rd6 32. Kh4 Nc6 33. Kg5 Ne7 34. Kf6 Bc8 35. Nf7 Rb6 36. Ng5 Ng8+ 37. Ke5 Ke7 38. f5 exf5 39. Nh3 Nh6 40. Nf4 Nf7+ 41. Kxd5 Rd6+ 42. Kc4 h4 43. Rg8 Rd8 44. Nd5+ Kd6 45. Nb5+ Ke5 46. Rg7 Be6 47. Nbc7 Bxd5+ 48. Nxd5 Nd6+ 0-1